000 00557nam a2200205Ia 4500
005 20250508155038.0
008 008 250505s9999 xx 000 0 eng d
037 _aTextBook
040 _aFEDL
_beng
_cFEDL
041 _aeng
_2eng
084 _a370.954, IND
_qFEDL
245 0 _aCommission Report 1964-66
245 0 _cIndia,Education (Ministry...)
260 _aDelhi, India
_bEducation Commission
300 _a182p
365 _aGifted
650 _aEducation - India
942 _cTB
_h370.954, IND
999 _c1353646
_d1353646